Quizzes
Events
Quiz Creation
Community
Videos
Private Events
Remove Ads
Sign In
Join for FREE
Feedback
Dark Mode
Quiz Categories
Sports
Geography
Music
Movies
Television
Just For Fun
Miscellaneous
History
Literature
Language
Science
Gaming
Entertainment
Religion
Holiday
For Kids
Quiz Lab
Recent
Popular Today
Quiz Kudos Today
Editor Picks
Curator Picks
Quizzes by...
Day
Popularity
Type
Ratings
Length
Year
Community
Subscriptions
Recent Discussions
Orange Saloon
Badges
Playlists
Quests
Create
Leaderboards
Showdown
Live 5
Trivia Bingo
Activity
Puzzle Library
Sporcle Events
Private Events
Virtual Trivia
Globe League
Become a Host
Pub Owners
SporcleCon
Opinionation
Our Games
Videos
Blog
Mobile Apps
Partnerships
Remove Ads and Go Orange
Feedback
Music
Pop Music
The Beatles
Song
Album
Lyrics
Bands
Singers
Artist
Clip
Rock
Rap
Classical
Billboard
Country Music
Kpop
Taylor Swift
Music
Pop Music
The Beatles
Song
Album
Lyrics
Bands
Singers
Artist
Clip
Rock
Rap
Classical
Billboard
Country Music
Kpop
Taylor Swift
Random Quiz
Search Sporcle
×
Quiz Lab
Quiz Lab
Music
Kpop
Type in answers that appear in a list
Type in answers that appear in a list
Classic
Best Score? Go Orange.
Can u name all KPOP groups name by 1 member name? Stats
Can you name the Can u name all KPOP groups name by 1 member name??
By
yoana1
8m
47 Questions
33.8K Plays
33,789 Plays
33,789 Plays
Comments
Comments
Give Quiz Kudos
Give Quiz Kudos
-
- Ratings
hide this ad
Replay
Link that replays current quiz
Next Quiz
Link to next quiz in quiz playlist
You Got
0%
They Got
Avg Score
55%
Avg Friend Score
Upgrade to see
Score Distribution
Jump to the score distribution portion of the page
Score
0/47
Timer
08:00
0
Plays Today
Name
Group
% Correct
Key
Shinee
93.2%
Minzy
2NE1
90.4%
Daesung
Big Bang
88.8%
Ryeowook
Super Junior
88.2%
Krystal
F(x)
88.1%
Taecyeon
2PM
87.5%
Seohyun
SNSD
86.9%
Fei
Miss A
85.3%
Jokwon
2AM
81.8%
Yonghwa
CN Blue
81.3%
Hoya
Infinite
80.4%
Hara
Kara
80.2%
Zico
Block B
80.1%
Mir
MBLAQ
78.6%
Hyorin
Sistar
78.3%
Qri
T-ara
75.7%
Junhyung
Beast
75.6%
Raina
After school
75.1%
U-
Know
TVXQ
74.8%
L.Joe
Teen Top
72.3%
Kiseop
U-Kiss
69.6%
CNU
B1A4
68.9%
Sunye
Wonder girls
68.4%
Minah
Girls day
68.2%
Name
Group
% Correct
Kwanghee
Zea
67.7%
Sohyun
4minute
60%
Zinger
Secret
59.5%
Miryo
Brown eyed girls
57.1%
Tablo
Epik High
56.9%
Kwangmin
Boyfriend
55.6%
Minhwan
FT island
55.3%
Hyunjoong
SS501
54.3%
Bomi
A Pink
52.1%
Woori
Rainbow
45.6%
Viki
Dalshabet
20.2%
Riko
Rania
18.3%
DayDay
Dalmatian
17.9%
Kan
F.cuz
16.5%
Typhoon
TRAX
16.1%
Kota
Sunny Hill
12.8%
Soomi
5dolls
11.6%
Yejin
Brave girls
5.5%
Nara
CHI CHI
4.7%
Howon
HITT
3.6%
Jae
4men
2.7%
Sungyong
TOUCH
2.5%
Jisoo
BoM
1.7%
Quiz Playlist
Details
Report
Send in Message
Add To Playlist
Classic:
Type in answers that appear in a list
Last Updated: Jul 23, 2017
Quiz Scoreboard
CHALLENGE
Sign Up to Join the Scoreboard
Show All
Scores
Hide
Comments
May contain spoilers
Recently Published
Click the 1999 NBA Draft
by nibperrychub
Sports
2m
Alphabetical 'K' Countries by Flag Minefield
by ylime102
Geography
3m
Pick 6: Fruits
by JohnFran
Miscellaneous
15s
More to Explore
Quiz From the Vault
Featured Blog Post
15 Basketball Trivia Facts You Can Be March Mad About
hide this ad
You Might Also Like...
Tags
Kpop Quiz
Kpop Quiz
Today's Top Quizzes in Music
Browse Music
hide this ad
Today's Top Quizzes in Kpop
Browse Kpop
Top Contributed Quizzes in Music
1
Taylor Swift All Songs (2024)
2
KPOP LOGIC QUIZ
3
A Taylor Swift Logic Puzzle
4
Guess the Taylor Swift song (Mystery Song)
5
Taylor Swift Logic Puzzle
6
K-Pop Murder Mystery Logic Quiz
7
kpop group name match up
8
Guess The Taylor Swift Lyrics Song #1
9
Kpop murder mystery 1
10
K-Pop : 100 Debut Songs (Part 1 of 3)
Explore More
Trending Topics
NBA
Crossword
Anime
Marvel
Kpop
Disney
Harry Potter
Pokémon
The Office
Song
Country
Soccer
WWE
NFL
Puzzle
hide this ad
More By:
yoana1
Quiz
Plays
Rating
Category
Featured
Created
Can u name all KPOP groups name by 1 member name?
33,789
3.67
Music
Dec 13, 2011
Guess the Kpop song by clip 2
2,430
2.08
Music
Nov 14, 2011
Guess the Kpop song by clip
1,278
2.60
Music
Nov 6, 2011
Guess the kpop song
1,042
3.25
Music
Oct 30, 2011
Go to Creator's Profile
Score Distribution
Quiz Creator Spotlight
yoana1
Follow
Send a Message
Quizzes Created
-
Created Quiz Play Count
-
More By This Creator
Popular Quizzes Today
1
Countries of Asia Without Outlines Minefield
2
Find the US States - No Outlines Minefield
3
Pick 6: Fruits
4
Alphabetical 'K' Countries by Flag Minefield
5
The Countries of the World
6
Find the US States
7
US States
8
Match the Book to the Film X
More Music Quizzes
Instrumental Trios
Curator's Pick
Trending Quizzes
Pick 6: Mountains
Pick 6: Harry Potter
Pick 6: NFL Teams
Pick 6: Movie Franchises
Pick 6: Flags
Recently Updated
NWSL Teams
pecheneg
Women's Final Four Teams by Year
bhenderson79
Presidents Quartet II
eogle
Anything But Clue(do)
eogle
Anything But Oceanian Capitals
eogle
Anything But 7
eogle
Anything But Thing
eogle
Word Ladder: February 29
pecheneg
Song Title Questions
pecheneg
Women's NCAA Tournament #1 Seeds
pecheneg
Trending Topics
Anime
Harry Potter
Crossword
NBA
Kpop
Disney
Marvel
Song
NFL
The Office
Puzzle
WWE
Country
Soccer
Pokémon
Your Account Isn't Verified!
In order to create a playlist on Sporcle, you need to verify the email address you used during registration. Go to your
Sporcle Settings
to finish the process.
Report this User
Report this user for behavior that violates our
Community Guidelines
.
Details:
Send Report
Go to the Sporcle.com Mobile Site →
Comments